| 000 | 01191nam a2200265Ia 4500 | ||
|---|---|---|---|
| 003 | OSt | ||
| 005 | 20220923211437.0 | ||
| 006 | a|||||r|||| 00| 0 | ||
| 007 | ta | ||
| 008 | 220922b |||||||| |||| 00| 0 hin d | ||
| 020 |
_a9789350004654 (hbk) _c495 |
||
| 024 | _a264,391 | ||
| 037 |
_b1869, 16/07/2012, Kiran Book Service _cTextual |
||
| 040 |
_aARTS _cARTS _bhin |
||
| 041 |
_2hin _ahin |
||
| 082 | _aO152,6N11x, Q0 | ||
| 100 |
_aस. ही. वात्स्यायन, 'अज्ञेय'; पालीवाल, कृष्णदत्त, संपा. _9160527 |
||
| 245 | 0 |
_aआधुनिकता _b संवेदना और सम्प्रेड्ढण |
|
| 246 | _aĀdhunikatā: sanvedanā aur sampreḍḍhaṇa | ||
| 260 |
_aनयी दिल्ली _b वाणी प्रकाशन _c2010 |
||
| 300 |
_a330पृ. _ccm. |
||
| 650 |
_aहिन्दी साहित्य _9156264 |
||
| 942 |
_hO152,6N11x, Q0 _cTEXL _2CC |
||
| 999 |
_c299599 _d299599 |
||